000 00231nam a22000857a 4500
008 240416b |||||||| |||| 00| 0 eng d
020 _a9789355558817
100 _aMTG LEARNING MESIA P LTD
_97768
245 _aCHEMISTRY NEET CLASS XI-XII
999 _c12568
_d12568